Cultura femenina en Noruega /

Sábháilte in:
Sonraí bibleagrafaíochta
Príomhchruthaitheoir: Bystydzienski, Jill M
Formáid: Téacs
Ábhair:
Clibeanna: Cuir clib leis
Níl clibeanna ann, Bí ar an gcéad duine le clib a chur leis an taifead seo!

MARC

LEADER 00000 a a2200000 04500
001 7459
003
040
100 |a Bystydzienski, Jill M  
245 |a Cultura femenina en Noruega /  |c Jill M Bystydzienski 
650 |a PARTICIPACION DE LA MUJER  
650 |a ORGANIZACIONES FEMENINAS  
650 |a POLITICA  
650 |a IGUALDAD DE OPORTUNIDADES  
650 |a LEGISLACION  
650 |a GOBIERNO  
773 |g número 5; páginas 53-65  
999 |c 29506  |d 29506